00276nam a22001097a 4500008004100000020002200041082001100063100001900074245003600093260001900129300001800148230228b |||||||| |||| 00| 0 eng d a978-0-330-51050-9 a863.64 aRoberto Bolano aNazi Literature in the Americas bPicador,c2010 a259 p.c22 cm